US States With the Best Theme Parks On a Map - Statistics

General Stats
  • This quiz has been taken 148 times
  • The average score is 21 of 25
Answers on the Map
Answers color-coded by a green-red scale on the quiz's map according to % correct below.
 
Answer Stats
# Answer % Correct
5 California
97%
7 California
97%
10 California
97%
25 California
97%
1 Florida
97%
2 Florida
97%
3 Florida
97%
4 Florida
97%
8 Florida
97%
12 Florida
97%
16 Florida
97%
15 New York
95%
24 Ohio
92%
13 Pennsylvania
87%
18 Pennsylvania
87%
23 Virginia
83%
6 Tennessee
79%
9 Missouri
71%
22 Minnesota
69%
21 Kentucky
66%
11 Wisconsin
66%
14 New Hampshire
55%
19 New hampshire
55%
20 Idaho
54%
17 Delaware
50%
No matching quizzes found
Score Distribution
Percent of People with Each Score
Percentile by Number Answered
Your Score History
You have not taken this quiz